Obálka Náhled e-knihy:
PDF Epub
Pro půjčování e-knih musíte být přihlášeni.
Jak si půjčit online?

Julie ráda maluje /

Příběh Julie, dívenky, která nejen ráda maluje, ale je i velmi milá a tak navazuje moc hezké sousedské vztahy. A i díky tomu čeká Julii něco velmi nečekaného a hezkého.

Uloženo v:
Hlavní autor: Braunová, Petra, 1967- (Autor)
Další autoři: Bernard, Jiří, 1946- (Autor)
Médium: E-kniha
Jazyk:Czech
Vydáno: V Praze : Albatros, 2026
Vydání:1. vydání
Edice:Druhé čtení (Albatros)
Už si čteme sami
Témata:
Tagy:
Žádné tagy
LEADER 02551nam a2200481 i 4500
001 302226
003 CZ PrSKC
005 20260510063230.0
007 ta
008 260505s2026 xr a b 000 j cze
015 |a cnb003756486 
020 |a 9788000081274  |q (vázáno) :  |c Kč 299,00 
040 |a ABG001  |b cze  |e rda 
072 7 |a 821.162.3-3  |x Česká próza  |2 Konspekt 
072 7 |a 821-93  |x Literatura pro děti a mládež (beletrie)  |2 Konspekt 
080 |a 821.162.3-32  |2 MRF 
080 |a 821-93  |2 MRF 
080 |a (0:82-32)  |2 MRF 
100 1 |a Braunová, Petra,  |d 1967-  |7 xx0013872  |4 aut 
245 1 0 |a Julie ráda maluje /  |c Petra Braunová ; ilustroval Jiří Bernard 
250 |a 1. vydání 
264 1 |a V Praze :  |b Albatros,  |c 2026 
300 |a 67 stran :  |b barevné ilustrace ;  |c 21 cm 
336 |a text  |b txt  |2 rdacontent 
337 |a bez média  |b n  |2 rdamedia 
338 |a svazek  |b nc  |2 rdacarrier 
490 1 |a Druhé čtení 
490 1 |a Už si čteme sami 
520 2 |a Příběh Julie, dívenky, která nejen ráda maluje, ale je i velmi milá a tak navazuje moc hezké sousedské vztahy. A i díky tomu čeká Julii něco velmi nečekaného a hezkého.  |b Julie ráda maluje, a když si sousedka na ni a na brášky rodičům stěžuje, že jsou hluční jako sloni, tak jí toho slona nakreslí. Hodí ho do schránky, a odpověď přijde brzy. Paní sousedka je totiž malířka. Díky pokračující zábavné výměně dalších obrázků se Julie v kreslení stále zlepšuje. A když paní malířka pozve celou rodinu na výstavu svých obrazů, Julii tam čeká úžasné překvapení! Nakladatelská anotace. 
521 8 |a Pro čtenáře od 7 let 
655 7 |a české příběhy  |7 fd133973  |2 czenas 
655 7 |a publikace pro děti  |7 fd133156  |2 czenas 
655 9 |a Czech stories  |2 eczenas 
655 9 |a children's literature  |2 eczenas 
700 1 |a Bernard, Jiří,  |d 1946-  |7 mzk2003165638  |4 ill 
710 2 |a Nakladatelství Albatros  |7 kn20010724027  |4 pbl 
830 0 |a Druhé čtení (Albatros) 
830 0 |a Už si čteme sami 
900 |a ABG001  |b 18 
044 |a xr 
910 |a RBIT002 
998 |d 426830  |a https://core.palmknihy.cz/api/books/426830/cover?teo7os  |b https://core.palmknihy.cz/api/books/426830/cover/400?teo7os  |c https://core.palmknihy.cz/api/books/426830/cover/50?teo7os  |e 2035-12-31  |g 72  |i 9788000081274  |j https://core.palmknihy.cz/api/books/426830/preview.epub  |k https://core.palmknihy.cz/api/books/426830/preview.pdf  |l   |q 49  |r 1  |s https://www.palmknihy.cz/kniha/426830  |t ebook  |y 2026  |z 0 
999 |d 302224